00453nam a2200157Ia 4500008004100000040001900041041001200060082001900072100002000091245006700111260003900178300001900217650001700236700002400253850001800277131103s9999 xx 000 0 und d aLoreto College aEnglish a842/ROSbLCLIB aRostand, Edmont aCyrano de bergeraccEdmont Rostand; translated by Brain Hooker aNew yorkbThe modern libraryc1923 a322p. c 18cm. aFrench drama aHooker, Brain; trl. aLCLIB/842/ROS